| 000 | 01176nac a22002651u 4500 | ||
|---|---|---|---|
| 010 | _a 2005058393 | ||
| 020 | _a0071458867 | ||
| 035 | _a(OCoLC)ocm62593854 | ||
| 082 | 0 | 0 |
_a621 _bH5291 |
| 090 |
_c2477 _d2477 |
||
| 100 | _a20080729 | ||
| 245 | 1 | 0 |
_aHandbook of mechanical engineering calculations / _cTyler G. Hicks editor. |
| 250 | _a2nd ed. | ||
| 260 |
_aNew York : _bMcGraw-Hill,2006 _c2006. |
||
| 300 |
_a1 v. (various pagings) : _bill. ; _c24 cm. |
||
| 440 | 0 | _aMcGraw-Hill handbooks | |
| 504 | _aIncludes bibliographical references and index. | ||
| 650 | 0 |
_aMechanical engineering _xHandbooks, manuals, etc. |
|
| 700 |
_aHicks, Tyler Gregory, _d1921- |
||
| 856 | 4 | 2 |
_3Contributor biographical information _uhttp://www.loc.gov/catdir/enhancements/fy0668/2005058393-b.html |
| 856 | 4 | 2 |
_3Publisher description _uhttp://www.loc.gov/catdir/enhancements/fy0668/2005058393-d.html |
| 856 | 4 | 2 |
_3Table of contents only _uhttp://www.loc.gov/catdir/enhancements/fy0668/2005058393-t.html |
| 942 |
_cNB _k621H5291 |
||
| 999 |
_c2477 _d2477 |
||